[Event "Interclubs Adultes"]
[Site "?"]
[Date "2003.11.16"]
[Round "2.5"]
[White "Cruzille, Jean"]
[Black "Picot, Brice"]
[Result "1-0"]
[WhiteElo "1650"]
[BlackElo "1890"]
[PlyCount "55"]
[EventDate "2003.??.??"]

1. d4 Nf6 2. Nc3 d5 3. e3 Bf5 4. Bd3 e6 5. Bxf5 exf5 6. Qd3 Qc8 7. Nf3 c6 8.
O-O Bd6 9. Nh4 g6 10. f3 Be7 11. e4 Nxe4 12. fxe4 dxe4 13. Qg3 Qd8 14. Qe5 f6
15. Qe6 Qxd4+ 16. Kh1 Qd7 17. Qc4 b5 18. Qe2 O-O 19. Bh6 Re8 20. Qe3 Bf8 21.
Bxf8 Kxf8 22. Rad1 Qe7 23. Ne2 Nd7 24. Nxg6+ hxg6 25. Qh6+ Kf7 26. Qh7+ Kf8 27.
Rxd7 Qxh7 28. Rxh7 1-0

[Event "Interclubs Adultes"]
[Site "?"]
[Date "2003.11.16"]
[Round "2.6"]
[White "Grasset, Didier"]
[Black "Demars, Laurent"]
[Result "0-1"]
[WhiteElo "1800"]
[BlackElo "1600"]
[PlyCount "120"]
[EventDate "2003.??.??"]

1. e4 e5 2. Nf3 Nc6 3. Bb5 f5 4. d3 d6 5. c3 Nf6 6. Bg5 Be7 7. Nbd2 O-O 8. a3
fxe4 9. dxe4 Bg4 10. Be2 Qe8 11. Be3 Rd8 12. Qc2 Kh8 13. h3 Bh5 14. g4 Bg6 15.
Nh4 Bf7 16. Nf5 Be6 17. Rg1 Rd7 18. O-O-O Na5 19. Qa4 Nc6 20. Nf3 a6 21. Ng5
Bg8 22. Bxa6 Nd8 23. Be2 c6 24. f4 b5 25. Qc2 Nf7 26. Ne6 g6 27. Nxf8 Bxf8 28.
Ng3 Rc7 29. g5 Nd7 30. f5 Nd8 31. h4 Nc5 32. h5 Bb3 33. Qd2 Bxd1 34. Rxd1 Nb3+
35. Kc2 Nxd2 36. Rxd2 b4 37. hxg6 hxg6 38. fxg6 Qxg6 39. Nf5 Ne6 40. Bc4 Nxg5
41. Rg2 Bh6 42. Bd3 Rg7 43. Nxg7 Kxg7 44. axb4 Kf6 45. Rf2+ Ke6 46. Rf5 Kd7 47.
b5 Kc7 48. bxc6 Kxc6 49. b4 Ne6 50. b5+ Kb7 51. Bf2 Nf4 52. Bf1 Nd5 53. Kd3
Nf4+ 54. Kc2 Bg7 55. c4 Ne6 56. Kd3 Nc5+ 57. Ke3 Bh6+ 58. Kf3 Nb3 59. Ke2 Qg4+
60. Kd3 Qd1+ 0-1

[Event "Interclubs Adultes"]
[Site "?"]
[Date "2003.11.16"]
[Round "2.7"]
[White "Tourette, Remi"]
[Black "Heux, Damien"]
[Result "0-1"]
[WhiteElo "1570"]
[BlackElo "1570"]
[PlyCount "125"]
[EventDate "2003.??.??"]

1. e4 c5 2. f4 d6 3. Nf3 g6 4. Bc4 Bg7 5. d4 cxd4 6. Nxd4 Nc6 7. Nf3 Nf6 8. e5
dxe5 9. Qxd8+ Nxd8 10. Bb5+ Bd7 11. Bxd7+ Nxd7 12. fxe5 Nxe5 13. O-O O-O 14.
Nc3 Rc8 15. Nd5 Ndc6 16. Be3 e6 17. Nf4 b6 18. c3 Nxf3+ 19. Rxf3 Ne5 20. Rg3
Rfd8 21. Bd4 Nc4 22. Bxg7 Kxg7 23. Nh5+ Kh6 24. Nf6 Nxb2 25. Rh3+ Kg7 26. Rf1
h6 27. Rg3 Rd1 28. Nh5+ Kf8 29. Nf4 Rxf1+ 30. Kxf1 Rd8 31. Rf3 Ke7 32. Rf2 e5
33. Nxg6+ fxg6 34. Rxb2 Rd3 35. Rc2 Ke6 36. Ke2 e4 37. c4 Kd6 38. Kf2 Kc5 39.
Ke2 Rd4 40. Ke3 Rxc4 41. Rf2 Kd5 42. Rf6 Ra4 43. Rxg6 Ra3+ 44. Ke2 Rxa2+ 45.
Ke3 b5 46. Rxh6 Rxg2 47. Rh5+ Kc4 48. Rh4 b4 49. Rxe4+ Kb5 50. h4 b3 51. Kd3
Rg3+ 52. Kd2 b2 53. Kc2 Rg2+ 54. Kb1 a5 55. h5 a4 56. h6 a3 57. Re1 Rh2 58. Ka2
Kb4 59. Re4+ Kc3 60. Re6 Rh1 61. Rc6+ Kb4 62. Rb6+ Kc5 63. Rb3 0-1

[Event "Interclubs Adultes"]
[Site "?"]
[Date "2003.11.16"]
[Round "2.1"]
[White "Deville, Olivier"]
[Black "Nodon, Jeremi"]
[Result "1-0"]
[WhiteElo "2040"]
[BlackElo "2000"]
[PlyCount "78"]
[EventDate "2003.??.??"]

1. Nf3 e6 2. d4 c5 3. e3 Nf6 4. c3 d5 5. Bd3 Be7 6. O-O O-O 7. dxc5 Bxc5 8. b4
Be7 9. a3 b6 10. Nbd2 Ba6 11. c4 Qc7 12. Qe2 Rc8 13. b5 dxc4 14. Bxc4 Bb7 15.
Bb2 Nbd7 16. Rfd1 Ng4 17. Rac1 Bc5 18. h3 Nge5 19. Nxe5 Nxe5 20. Qh5 Nxc4 21.
Rxc4 f6 22. Rh4 g6 23. Qg4 Qe7 24. Qe2 Bxa3 25. Bxa3 Qxa3 26. Rd4 Rc2 27. Qg4
f5 28. Qg5 Bd5 29. e4 Qb2 30. Qe3 f4 31. Qd3 Rc3 32. Qb1 Qa3 33. exd5 e5 34.
Nc4 Qc5 35. Nxe5 Rc8 36. Qb4 Qc7 37. Nc6 Rxh3 38. gxh3 Qd7 39. Ne7+ Kh8 1-0

[Event "Interclubs Adultes"]
[Site "?"]
[Date "2003.11.16"]
[Round "2.2"]
[White "Tissot, Fabien"]
[Black "Graillon, David"]
[Result "0-1"]
[WhiteElo "1700"]
[BlackElo "1992"]
[PlyCount "98"]
[EventDate "2003.??.??"]

1. d4 Nf6 2. c4 e6 3. Nc3 b6 4. e4 Bb4 5. Bd3 Bb7 6. Qc2 c5 7. a3 Bxc3+ 8. bxc3
Nc6 9. Nf3 Na5 10. Bg5 h6 11. Bh4 g5 12. Nxg5 hxg5 13. Bxg5 Rg8 14. h4 Rxg5 15.
hxg5 Ng8 16. f4 Qc7 17. Rh8 O-O-O 18. g3 Ba6 19. Ke2 Bxc4 20. Bxc4 Nxc4 21. Qd3
Nd6 22. e5 Nf5 23. g4 Nfe7 24. Kf3 d6 25. exd6 Qxd6 26. Rd1 Ng6 27. Rh7 Qxf4+
28. Ke2 Qxg4+ 29. Ke1 Qg1+ 30. Qf1 Qe3+ 31. Qe2 Qxc3+ 32. Kf1 Nf4 33. Qa6+ Kb8
34. Rb1 Qf3+ 35. Ke1 Ng2+ 36. Kd2 Rxd4+ 37. Kc2 Qe4+ 38. Kc1 Rc4+ 39. Kb2 Qd4+
40. Ka2 Rc2+ 41. Kb3 Rc3+ 42. Ka2 c4 43. Rb2 Rb3 44. Rxg2 Qd1 45. Rb2 Rxb2+ 46.
Kxb2 Qb3+ 47. Kc1 Qc3+ 48. Kd1 Qd3+ 49. Ke1 Qxh7 0-1

[Event "Interclubs Adultes"]
[Site "?"]
[Date "2003.11.16"]
[Round "2.3"]
[White "Valet, Godeffroy"]
[Black "Malabave, Gabriel"]
[Result "1-0"]
[WhiteElo "1840"]
[BlackElo "1700"]
[PlyCount "91"]
[EventDate "2003.??.??"]

1. e4 Nf6 2. e5 Nd5 3. d4 d6 4. exd6 cxd6 5. Nf3 e6 6. c4 Nb6 7. Bd3 Be7 8. O-O
O-O 9. Nc3 N8d7 10. Bc2 Re8 11. Qd3 Nf8 12. Ne4 d5 13. cxd5 Nxd5 14. a3 Bd7 15.
Neg5 f5 16. Qb3 h6 17. Nh3 Qb6 18. Qa2 Bc6 19. Re1 Bf6 20. Be3 Nxe3 21. fxe3
Bxf3 22. gxf3 g6 23. Re2 Kg7 24. Kf2 g5 25. Rg1 Ng6 26. b4 Rad8 27. Rge1 Qd6
28. Kf1 h5 29. Rg2 Nh4 30. Rg3 Nxf3 31. Rxf3 Qxh2 32. Re2 Qd6 33. Rg2 Kh6 34.
Rff2 Qa6+ 35. Kg1 g4 36. Nf4 Qd6 37. Qb1 Rc8 38. Qc1 Rc6 39. Rh2 h4 40. e4 Kg7
41. e5 Qxd4 42. exf6+ Kf7 43. Rxh4 g3 44. Rh7+ Kg8 45. Rg7+ Kf8 46. Ng6# 1-0

[Event "Interclubs Adultes"]
[Site "?"]
[Date "2003.11.16"]
[Round "2.4"]
[White "Persyn, Jacques"]
[Black "Bron, Philippe"]
[Result "0-1"]
[WhiteElo "1700"]
[BlackElo "1750"]
[PlyCount "58"]
[EventDate "2003.??.??"]

1. Nf3 Nf6 2. b3 c5 3. e3 g6 4. Bb2 Bg7 5. Na3 O-O 6. Nc4 b5 7. Nce5 d6 8. Nd3
e5 9. Nc1 a6 10. d4 e4 11. Nd2 Qa5 12. Be2 Nc6 13. c4 cxd4 14. exd4 bxc4 15.
bxc4 Re8 16. d5 Ne5 17. O-O Bd7 18. Ndb3 Qb6 19. Bd4 Qb4 20. c5 Nxd5 21. Bxe5
Rxe5 22. a3 Qb7 23. Qc2 dxc5 24. Nxc5 Qc6 25. N1b3 Nf4 26. Rfe1 Nxg2 27. Red1
Bh3 28. Rac1 Rg5 29. Qd2 Nf4+ 0-1

[Event "Interclubs Adultes"]
[Site "?"]
[Date "2003.11.16"]
[Round "2.5"]
[White "Lestra, Franck"]
[Black "Duhem, Michel"]
[Result "1-0"]
[WhiteElo "1770"]
[BlackElo "1640"]
[PlyCount "124"]
[EventDate "2003.??.??"]

1. d4 d5 2. c4 Nf6 3. Nc3 e6 4. Nf3 Be7 5. Bf4 a6 6. e3 Nh5 7. Be5 f6 8. Bg3
Nxg3 9. hxg3 c6 10. Bd3 f5 11. Ne5 O-O 12. Qh5 h6 13. O-O-O Qe8 14. Ne2 Qxh5
15. Rxh5 Bf6 16. Nf4 Bxe5 17. dxe5 b5 18. Ng6 Rf7 19. g4 bxc4 20. Bxc4 Nd7 21.
Be2 Kh7 22. gxf5 Rxf5 23. Rxf5 exf5 24. Ne7 Nxe5 25. f4 Nf7 26. Nxc6 Be6 27.
Nd4 Rc8+ 28. Kb1 Bd7 29. Bxa6 Re8 30. Re1 g5 31. g3 Nd6 32. fxg5 hxg5 33. Nc2
Ne4 34. Rg1 Nd2+ 35. Kc1 Nf3 36. Rg2 Ra8 37. Be2 Ne5 38. a3 Ba4 39. Nd4 Rc8+
40. Kb1 Kg6 41. Bb5 Bd1 42. Rg1 Bf3 43. a4 Be4+ 44. Ka2 Bd3 45. Bxd3 Nxd3 46.
Rd1 Nf2 47. Rd2 Ne4 48. Rc2 Ra8 49. Rc6+ Kh5 50. Ka3 Nxg3 51. b4 g4 52. b5 Ne4
53. Nxf5 g3 54. Nxg3+ Nxg3 55. b6 Ne4 56. Kb4 Nd2 57. b7 Rb8 58. Rc7 Nc4 59. a5
Nd6 60. a6 Nxb7 61. axb7 Kg4 62. Kc5 Kf3 1-0

[Event "Interclubs Adultes"]
[Site "?"]
[Date "2003.11.16"]
[Round "2.6"]
[White "Ter Markossian, Alain"]
[Black "Chabas, Jean-Luc"]
[Result "1-0"]
[WhiteElo "1640"]
[BlackElo "1610"]
[PlyCount "53"]
[EventDate "2003.??.??"]

1. d4 d5 2. Nf3 Nf6 3. Bf4 e6 4. e3 Be7 5. Bd3 Nbd7 6. Nbd2 c5 7. c3 a6 8. O-O
b5 9. Ne5 Bb7 10. Ndf3 O-O 11. Re1 c4 12. Bc2 a5 13. Qe2 Nb6 14. g4 a4 15. a3
Nfd7 16. Qf1 Re8 17. Qh3 g6 18. Nxf7 Qc8 19. Bxg6 hxg6 20. Qh8+ Kxf7 21. Qh7+
Kf6 22. g5+ Kf5 23. Qh3+ Ke4 24. Nh4 Kd3 25. Qf1+ Kc2 26. Qe2+ Kb3 27. Qd1+ 1-0

[Event "Interclubs Adultes"]
[Site "?"]
[Date "2003.11.16"]
[Round "2.7"]
[White "Desassis, Jean-Francois"]
[Black "Parpillon, Georges"]
[Result "0-1"]
[WhiteElo "1300"]
[BlackElo "1590"]
[PlyCount "208"]
[EventDate "2003.??.??"]

1. d4 d5 2. e4 e6 3. Nc3 c6 4. e5 Bb4 5. a3 Be7 6. Nf3 b5 7. Be3 a6 8. Bd3 Nd7
9. Qd2 c5 10. Bg5 cxd4 11. Bxe7 Qxe7 12. Ne2 f6 13. exf6 Ngxf6 14. O-O e5 15.
Nexd4 O-O 16. Nc6 Qd6 17. Bf5 Qxc6 18. Bxd7 Nxd7 19. Rfe1 e4 20. Nh4 Ne5 21.
Rad1 Bb7 22. Qg5 Qf6 23. Qxf6 Rxf6 24. g3 g5 25. Ng2 Nf3+ 26. Kf1 Nxh2+ 27. Ke2
Nf3 28. Rh1 Rc8 29. c3 a5 30. Ne3 Ba6 31. Nxd5 b4+ 32. Ke3 Re6 33. axb4 axb4
34. Nxb4 Bc4 35. Rd7 h6 36. Ra1 Ne5 37. Rda7 Ng4+ 38. Kd4 Rd6+ 39. Kxe4 Nxf2+
40. Kf3 Rf8+ 41. Kg2 Rd2 42. Ra8 Nd3+ 43. Kg1 Nxb4 44. Rxf8+ Kxf8 45. cxb4 Rxb2
46. Ra4 Bb5 47. Ra8+ Kg7 48. Ra7+ Kg6 49. g4 Rxb4 50. Rb7 Rxg4+ 51. Kf2 Rb4 52.
Ke3 g4 53. Kd2 Rd4+ 54. Kc3 Rd5 55. Rb8 Rf5 56. Kd4 Kh5 57. Ke4 Rg5 58. Kf4 Bd7
59. Kg3 Rb5 60. Rd8 Rd5 61. Ra8 Rd3+ 62. Kf4 g3 63. Ra5+ Kg6 64. Ra6+ Kg7 65.
Ra1 g2 66. Rg1 Bc6 67. Kf5 Rg3 68. Kf4 Rg6 69. Kf5 Rg5+ 70. Kf4 Kg6 71. Ke3 Kf5
72. Kf2 h5 73. Ra1 Bd5 74. Kg1 Kf4 75. Ra3 Re5 76. Ra4+ Kg5 77. Ra1 h4 78. Kh2
Re3 79. Kg1 Rh3 80. Kf2 Rh1 81. Rg1 Rh2 82. Ke1 Kf4 83. Kf2 Kg4 84. Ra1 Be4 85.
Ra7 Kh3 86. Rg7 Rh1 87. Rg5 Rf1+ 88. Ke2 g1=Q 89. Rxg1 Rxg1 90. Kf2 Rg3 91. Kf1
Ra3 92. Kf2 Kg4 93. Ke2 h3 94. Kf1 Kg3 95. Ke1 Ra1+ 96. Ke2 h2 97. Ke3 Bf3 98.
Kd2 Rg1 99. Ke3 Re1+ 100. Kd2 Kf2 101. Kd3 Rd1+ 102. Kc3 h1=Q 103. Kc2 Qh7+
104. Kc3 Qd3+ 0-1

[Event "Interclubs Adultes"]
[Site "?"]
[Date "2003.11.16"]
[Round "2.1"]
[White "Treveys, Maxime"]
[Black "Vuiton, Stephane"]
[Result "0-1"]
[WhiteElo "1800"]
[BlackElo "2082"]
[PlyCount "62"]
[EventDate "2003.??.??"]

1. d4 f5 2. c4 Nf6 3. Nc3 g6 4. Nf3 Bg7 5. g3 c6 6. Bg2 O-O 7. O-O d6 8. Re1
Qc7 9. e4 fxe4 10. Nxe4 Nxe4 11. Rxe4 Bf5 12. Re3 e5 13. dxe5 dxe5 14. Qe1 Nd7
15. Nd2 Nc5 16. Ne4 Ne6 17. b3 Nd4 18. Qc3 Bg4 19. f3 Bxf3 20. Ba3 Rf5 21. Rae1
Bxg2 22. Kxg2 Rd8 23. c5 Rdf8 24. Bb2 Qf7 25. Qd3 Rf2+ 26. Nxf2 Qxf2+ 27. Kh3
Qxb2 28. Qc4+ Kh8 29. Rf1 Rf2 30. Qd3 Rxh2+ 31. Kg4 Ne6 0-1

[Event "Interclubs Adultes"]
[Site "?"]
[Date "2003.11.16"]
[Round "2.2"]
[White "Billiard, Bernard"]
[Black "Djouder, Larbi"]
[Result "1-0"]
[WhiteElo "2150"]
[BlackElo "1670"]
[PlyCount "51"]
[EventDate "2003.??.??"]

1. e4 c5 2. Nf3 Nc6 3. d4 cxd4 4. Nxd4 Nf6 5. Nc3 e6 6. Be3 a6 7. Bd3 d6 8. O-O
Be7 9. Qe2 Bd7 10. f4 Nb4 11. Bc4 O-O 12. Rad1 Rc8 13. Bb3 Nc6 14. e5 Ne8 15.
Ne4 d5 16. Nxc6 Bxc6 17. c4 Nc7 18. Qh5 Qe8 19. Nf6+ Bxf6 20. exf6 Qd7 21. Bc2
g6 22. Qh6 Ne8 23. Rf3 Nxf6 24. Bd4 Nh5 25. Qxh5 dxc4 26. Qxh7+ 1-0

[Event "Interclubs Adultes"]
[Site "?"]
[Date "2003.11.16"]
[Round "2.3"]
[White "Dziri, Pierre"]
[Black "Kizilian, Emmanuel"]
[Result "0-1"]
[WhiteElo "1760"]
[BlackElo "1830"]
[PlyCount "40"]
[EventDate "2003.??.??"]

1. e4 c5 2. Nf3 e6 3. d3 Qc7 4. g3 Nc6 5. Bg2 Nf6 6. Nbd2 d5 7. O-O Be7 8. Re1
Rb8 9. c3 b5 10. Qe2 c4 11. d4 O-O 12. e5 Nd7 13. Nf1 b4 14. Ng5 Qa5 15. Qc2 g6
16. g4 bxc3 17. bxc3 Nxd4 18. Qd2 Nb3 19. Qb2 Nxa1 20. Qxb8 Nxb8 0-1

[Event "Interclubs Adultes"]
[Site "?"]
[Date "2003.11.16"]
[Round "2.4"]
[White "Griottier, Pierre-Yves"]
[Black "Konieczny, Johan"]
[Result "1/2-1/2"]
[WhiteElo "1790"]
[BlackElo "1590"]
[PlyCount "110"]
[EventDate "2003.??.??"]

1. e4 c5 2. Nf3 Nc6 3. Nc3 e6 4. d4 cxd4 5. Nxd4 Bc5 6. Be3 Nxd4 7. Bxd4 Bxd4
8. Qxd4 Qf6 9. e5 Qd8 10. O-O-O Ne7 11. Bb5 a6 12. Bc4 O-O 13. Bd3 Rb8 14. h4
b5 15. h5 h6 16. Qe4 Nf5 17. Rh2 Bb7 18. Qf4 b4 19. Ne4 Bxe4 20. Qxe4 d5 21.
exd6 Qxd6 22. Rhh1 Qd4 23. Qxd4 Nxd4 24. Bxa6 Ra8 25. Bc4 Rfd8 26. Rhe1 Rac8
27. Bb3 Nxb3+ 28. axb3 Ra8 29. Rxd8+ Rxd8 30. Rd1 Rb8 31. Rd7 Kf8 32. Kd2 Ke8
33. Rc7 Rd8+ 34. Ke3 Rd5 35. Rb7 Rxh5 36. Rxb4 Rg5 37. g3 Re5+ 38. Kd3 g5 39.
Rd4 Rf5 40. Ke3 Re5+ 41. Re4 Rc5 42. c4 Ke7 43. b4 Rc7 44. Rd4 e5 45. Re4 Kd6
46. Kd3 f5 47. Re1 Ke6 48. b5 e4+ 49. Ke2 Rxc4 50. Ra1 Rc2+ 51. Ke3 Rxb2 52.
Ra6+ Kd5 53. Rxh6 Rxb5 54. Rh5 Rb3+ 55. Ke2 Ke5 1/2-1/2

[Event "Interclubs Adultes"]
[Site "?"]
[Date "2003.11.16"]
[Round "2.5"]
[White "Minchili, Franco"]
[Black "Berthelot, Pascal"]
[Result "0-1"]
[WhiteElo "1580"]
[BlackElo "1660"]
[PlyCount "70"]
[EventDate "2003.??.??"]

1. d4 d5 2. Nf3 Nf6 3. c4 dxc4 4. Nc3 e6 5. e4 c6 6. Bg5 Be7 7. Bxc4 O-O 8. O-O
Nbd7 9. Rc1 b5 10. Bd3 Bb7 11. Qc2 g6 12. h3 a6 13. a3 Rc8 14. Qd2 c5 15. Ne2
Bxe4 16. Bxe4 Nxe4 17. Bxe7 Nxd2 18. Bxd8 Nxf3+ 19. gxf3 Rfxd8 20. Rfd1 cxd4
21. Rxd4 Ne5 22. Kg2 Kg7 23. Rcd1 Rxd4 24. Nxd4 Kf6 25. f4 Nc4 26. Rb1 Rd8 27.
Nf3 Rd3 28. Ng5 Rb3 29. Ne4+ Kf5 30. Nc5 Rxb2 31. Ra1 a5 32. Kg3 Rc2 33. f3 Ne3
34. Nd3 Rg2+ 35. Kh4 Kf6 0-1

[Event "Interclubs Adultes"]
[Site "?"]
[Date "2003.11.16"]
[Round "2.6"]
[White "Mosticone, David"]
[Black "Carteron, Olivier"]
[Result "0-1"]
[WhiteElo "1630"]
[BlackElo "1570"]
[PlyCount "96"]
[EventDate "2003.??.??"]

1. c4 c6 2. Nc3 Nf6 3. g3 d5 4. cxd5 cxd5 5. Nf3 e6 6. Bg2 a6 7. O-O Bd6 8. d3
O-O 9. Bd2 Nc6 10. a3 Re8 11. Rc1 e5 12. Bg5 Be6 13. Nd2 Bc7 14. Bxf6 gxf6 15.
Nf3 Rc8 16. Qd2 Ne7 17. Rfd1 b5 18. e4 d4 19. Nb1 Bb3 20. Rf1 Ba5 21. Rxc8 Nxc8
22. Qh6 Bc2 23. Nh4 Qe7 24. Nf5 Qf8 25. Qxf6 Re6 26. Qg5+ Rg6 27. Qc1 Bxd3 28.
Qxc8 Qxc8 29. Ne7+ Kf8 30. Nxc8 Rc6 31. Na7 Rc7 32. Nxb5 axb5 33. b4 Bxf1 34.
Bxf1 Bb6 35. Kg2 Rc1 36. Nd2 Rd1 37. Nf3 d3 38. Nxe5 d2 39. Nd7+ Ke7 40. Be2
Re1 41. Bg4 Bd4 42. Nb8 Kd6 43. Na6 d1=Q 44. Bxd1 Rxd1 45. f4 Rd3 46. e5+ Kd7
47. Nc5+ Bxc5 48. bxc5 Rxa3 0-1

[Event "Interclubs Adultes"]
[Site "?"]
[Date "2003.11.16"]
[Round "2.7"]
[White "Arnaud, Jean-Laurent"]
[Black "Baud, Antoine"]
[Result "0-1"]
[WhiteElo "1640"]
[BlackElo "1610"]
[PlyCount "52"]
[EventDate "2003.??.??"]

1. e4 c5 2. d4 cxd4 3. c3 d6 4. Bc4 Nc6 5. cxd4 Nf6 6. Nc3 Bd7 7. Qb3 e6 8. Qd1
Nxe4 9. d5 Nxc3 10. dxe6 fxe6 11. bxc3 Ne5 12. Bb3 Be7 13. Nf3 Qa5 14. Bb2 O-O
15. Bc2 Qb6 16. Rb1 Qc5 17. O-O Nxf3+ 18. gxf3 Qg5+ 19. Kh1 Bc6 20. Be4 d5 21.
Rg1 Qh5 22. c4 Bf6 23. Bxf6 Rxf6 24. cxd5 exd5 25. Bxd5+ Bxd5 26. Qd4 Qxf3+ 0-1

[Event "Interclubs Adultes"]
[Site "?"]
[Date "2003.11.16"]
[Round "2.8"]
[White "Robinet, Olivier"]
[Black "Doran, Niall"]
[Result "0-1"]
[WhiteElo "1590"]
[BlackElo "1510"]
[PlyCount "62"]
[EventDate "2003.??.??"]

1. e4 e6 2. d4 d5 3. Nc3 Bb4 4. a3 Bxc3+ 5. bxc3 c5 6. e5 Qc7 7. Bd2 Ne7 8. Qg4
Nbc6 9. Nf3 Bd7 10. Bd3 c4 11. Be2 Na5 12. O-O Ba4 13. Qxg7 Rg8 14. Qxh7 O-O-O
15. Ng5 Rdf8 16. Nxf7 Kb8 17. Bh6 Bxc2 18. Qxc2 Rxf7 19. Bh5 Rf5 20. Qe2 Rh8
21. g4 Rxh5 22. gxh5 Rxh6 23. Qg4 Qd8 24. f4 Nf5 25. Rf3 Qh8 26. Rh3 Rh7 27.
Kf2 Rg7 28. Qf3 Rh7 29. Rg1 Nb3 30. Ke2 Nfxd4+ 31. cxd4 Nxd4+ 0-1

[Event "Interclubs Adultes"]
[Site "?"]
[Date "2003.11.16"]
[Round "2.1"]
[White "Martin, Luc"]
[Black "Bislimi, Agron"]
[Result "0-1"]
[WhiteElo "2150"]
[BlackElo "2120"]
[PlyCount "112"]
[EventDate "2003.??.??"]

1. e4 c6 2. Nc3 g6 3. Nf3 Bg7 4. Bc4 d6 5. O-O Nf6 6. e5 dxe5 7. Nxe5 O-O 8. d4
Nbd7 9. Bf4 Nb6 10. Bb3 Nh5 11. Be3 Nf6 12. Qd2 Nbd5 13. Nxd5 Nxd5 14. Bh6 Qc7
15. Bxg7 Kxg7 16. Rfe1 f6 17. Nd3 Bf5 18. Nc5 Rad8 19. Qe2 Rde8 20. Qf3 e5 21.
Bxd5 cxd5 22. Qxd5 b6 23. Na6 Qc8 24. Nb4 Rd8 25. Qb5 Rxd4 26. c3 Rd2 27. Nd5
a6 28. Qb3 Be6 29. c4 Bxd5 30. cxd5 Qc5 31. Rf1 Rc8 32. Rad1 Rd4 33. Rxd4 exd4
34. Rd1 Rd8 35. Qd3 Qxd5 36. Qxa6 b5 37. a3 d3 38. Qa5 d2 39. Qc3 Rd7 40. Kf1
b4 41. Qe3 b3 42. f3 Kf7 43. Kf2 Rc7 44. Rxd2 Rc2 45. Ke1 Rxd2 46. Qxd2 Qe5+
47. Kf1 Qb5+ 48. Qe2 Qc5 49. Qd2 Kg7 50. Ke2 Qc7 51. Kd3 Qd6+ 52. Ke2 Qe5+ 53.
Kd1 Qb5 54. Qe2 Qd5+ 55. Kc1 Qc5+ 56. Kb1 Qg1+ 0-1

[Event "Interclubs Adultes"]
[Site "?"]
[Date "2003.11.16"]
[Round "2.2"]
[White "Gingene, Eric"]
[Black "Kiecken, Jean-Marc"]
[Result "1/2-1/2"]
[WhiteElo "2066"]
[BlackElo "2030"]
[PlyCount "76"]
[EventDate "2003.??.??"]

1. d4 e6 2. c4 f5 3. Nc3 Nf6 4. Nf3 d5 5. e3 c6 6. Bd3 Bd6 7. O-O O-O 8. Qc2
Ne4 9. Ne5 Nd7 10. f3 Nxc3 11. Qxc3 Rf6 12. Bd2 Qe8 13. e4 fxe4 14. fxe4 Qh5
15. Nf3 Rxf3 16. Rxf3 Qxh2+ 17. Kf2 Qh4+ 18. Ke3 dxe4 19. Bxe4 Nf6 20. Qd3 e5
21. c5 exd4+ 22. Ke2 Qxe4+ 23. Qxe4 Nxe4 24. cxd6 Bg4 25. Bb4 c5 26. Ba3 b6 27.
b4 Bxf3+ 28. Kxf3 Nd2+ 29. Ke2 Ne4 30. Kd3 Nxd6 31. bxc5 Nb5 32. Bb4 a5 33. Be1
bxc5 34. Kc4 Na3+ 35. Kxc5 Nc2 36. Rc1 d3 37. a4 Rc8+ 38. Kb6 Re8 1/2-1/2

[Event "Interclubs Adultes"]
[Site "?"]
[Date "2003.11.16"]
[Round "2.3"]
[White "Anetti, Laurent"]
[Black "Marmey, Cedric"]
[Result "0-1"]
[WhiteElo "1989"]
[BlackElo "1910"]
[PlyCount "55"]
[EventDate "2003.??.??"]

1. e4 e5 2. Nf3 d6 3. d4 Nf6 4. dxe5 Nxe4 5. Qd4 Nc5 6. Bg5 Be7 7. exd6 Qxd6 8.
Qxg7 Rf8 9. Bxe7 Qxe7+ 10. Be2 Bf5 11. Nc3 c6 12. O-O-O Nbd7 13. Nd4 Bg6 14. h4
Ne6 15. Nxe6 Qxe6 16. h5 Bf5 17. Qd4 Qf6 18. Qb4 O-O-O 19. g4 Be6 20. f4 Nb6
21. g5 Qf5 22. Bd3 Qg4 23. Kb1 Bd5 24. Nxd5 Nxd5 25. Qa5 Qxf4 26. Qxa7 Qxg5 27.
Rdf1 h6 28. Rxf7 0-1

[Event "Interclubs Adultes"]
[Site "?"]
[Date "2003.11.16"]
[Round "2.4"]
[White "Coez, Thierry"]
[Black "Bazzazi, Abdelaziz"]
[Result "0-1"]
[WhiteElo "1800"]
[BlackElo "1951"]
[PlyCount "86"]
[EventDate "2003.??.??"]

1. d4 Nf6 2. Nf3 c5 3. d5 d6 4. c4 g6 5. Nc3 Bg7 6. Qc2 O-O 7. e4 Nbd7 8. Bd3
Ng4 9. O-O a6 10. a4 Rb8 11. a5 e6 12. Bd2 Re8 13. h3 Nge5 14. Nxe5 Nxe5 15.
Be2 exd5 16. cxd5 b5 17. axb6 Qxb6 18. Na4 Qa7 19. Be3 Bd7 20. f4 Bxa4 21. Rxa4
Rxb2 22. Qd1 Nd7 23. Rxa6 Qb8 24. Bf3 Nb6 25. Bc1 Rb4 26. Qc2 Nc4 27. Ra4 Bd4+
28. Kh1 Qb5 29. Rxb4 Qxb4 30. Be2 Nb6 31. Bd2 Qa3 32. Bf3 Nd7 33. Rb1 h5 34.
Rb3 Qa1+ 35. Rb1 Qa3 36. Rb3 Qa4 37. Qb1 h4 38. Bd1 Qc4 39. Bf3 Ra8 40. Qd3
Qxd3 41. Rxd3 Ra1+ 42. Kh2 Bg1+ 43. Kh1 Bf2+ 0-1

[Event "Interclubs Adultes"]
[Site "?"]
[Date "2003.11.16"]
[Round "2.5"]
[White "Rodriguez, Jean-Pierre"]
[Black "Erb, Yves"]
[Result "1-0"]
[WhiteElo "1941"]
[BlackElo "1790"]
[PlyCount "93"]
[EventDate "2003.??.??"]

1. g3 e5 2. Bg2 Nf6 3. c4 c6 4. Nf3 d6 5. O-O Bf5 6. Nc3 Nbd7 7. d4 Be7 8. Re1
O-O 9. Nh4 Bg6 10. Nxg6 fxg6 11. e4 Qb6 12. dxe5 Nxe5 13. Na4 Qa6 14. b3 b5 15.
cxb5 cxb5 16. Qe2 Rad8 17. h3 Nfd7 18. Nc3 Nc5 19. Qxb5 Qxb5 20. Nxb5 Ned3 21.
Re2 Bf6 22. Rb1 a6 23. Nc7 Nxf2 24. Bb2 Nfd3 25. Bxf6 gxf6 26. Rd1 Rf7 27. Nxa6
Nxa6 28. Rxd3 Re7 29. Red2 Re6 30. Rd4 Nc7 31. Bf1 Kf8 32. Bc4 Re5 33. Rxd6
Rxd6 34. Rxd6 Ke7 35. Rd4 Ne8 36. Kf2 Nd6 37. Kf3 h6 38. a4 Kd7 39. b4 Kc7 40.
Bd3 Nf7 41. h4 Nd8 42. Bb5 Re7 43. Rd5 Nb7 44. Kf4 Nd6 45. Bd3 Re8 46. g4 Re5
47. Rxe5 1-0

[Event "Interclubs Adultes"]
[Site "?"]
[Date "2003.11.16"]
[Round "2.7"]
[White "Paris, Thierry"]
[Black "Pardon, Francois"]
[Result "0-1"]
[WhiteElo "1810"]
[BlackElo "1770"]
[PlyCount "74"]
[EventDate "2003.??.??"]

1. e4 e5 2. Nf3 Nf6 3. Nxe5 d6 4. Nf3 Nxe4 5. Nc3 Nxc3 6. dxc3 Nc6 7. Bf4 Be6
8. Bd3 Be7 9. Qd2 Qd7 10. a3 O-O 11. O-O-O Rae8 12. h4 Bf5 13. Ng5 Ne5 14. Bxe5
dxe5 15. Nxh7 Kxh7 16. Qe2 Bxd3 17. Qh5+ Kg8 18. Rxd3 Bd6 19. Rg3 f5 20. Qd1 e4
21. Rgh3 Bf4+ 22. Kb1 Qxd1+ 23. Rxd1 Rd8 24. Rhh1 Rd6 25. Rxd6 Bxd6 26. Rd1 Rd8
27. Rd5 g6 28. h5 Kg7 29. c4 c6 30. Ra5 Bb8 31. hxg6 Kxg6 32. Kc1 Bf4+ 33. Kb1
a6 34. g3 Bd2 35. Ra4 Be1 36. c3 Bxf2 37. g4 e3 0-1

[Event "Interclubs Adultes"]
[Site "?"]
[Date "2003.11.16"]
[Round "2.8"]
[White "Del Guidice, Thomas"]
[Black "Dridi, Abdessalem"]
[Result "1-0"]
[WhiteElo "1500"]
[BlackElo "1700"]
[PlyCount "104"]
[EventDate "2003.??.??"]

1. e4 c5 2. Nf3 d6 3. d4 cxd4 4. Nxd4 Nc6 5. Nxc6 bxc6 6. Nc3 g6 7. Be3 Bg7 8.
Bd4 e5 9. Be3 Be6 10. Qd2 Qc7 11. O-O-O Rd8 12. a3 Ne7 13. Bh6 O-O 14. h4 d5
15. Bd3 dxe4 16. Nxe4 Nf5 17. Bxg7 Kxg7 18. h5 Rh8 19. g4 Nh6 20. Qg5 Nxg4 21.
f3 h6 22. Qd2 Nf6 23. Nxf6 Kxf6 24. hxg6 fxg6 25. Rxh6 Rxh6 26. Qxh6 Qg7 27.
Qxg7+ Kxg7 28. Rg1 Bf7 29. Kd2 Rd6 30. Kc3 Bd5 31. Rg5 Re6 32. Be4 Bxe4 33.
fxe4 Kf6 34. Rg3 Rd6 35. Rd3 Rxd3+ 36. Kxd3 Kg5 37. Ke3 Kg4 38. c4 Kh3 39. b4
g5 40. b5 cxb5 41. c5 g4 42. c6 g3 43. c7 g2 44. c8=Q+ Kh2 45. Qh8+ Kg1 46.
Qxe5 Kh1 47. Qh5+ Kg1 48. Qxb5 Kh2 49. Qe2 Kh1 50. Qxg2+ Kxg2 51. e5 Kh3 52. e6
Kg4 1-0

[Event "Interclubs Adultes"]
[Site "?"]
[Date "2003.12.07"]
[Round "3.1"]
[White "Billiard, Bernard"]
[Black "Martin, Luc"]
[Result "1-0"]
[WhiteElo "2150"]
[BlackElo "2150"]
[PlyCount "31"]
[EventDate "2003.??.??"]

1. e4 e5 2. Nf3 Nc6 3. Bb5 a6 4. Ba4 Nf6 5. Qe2 b5 6. Bb3 Be7 7. a4 b4 8. d4
Bd6 9. dxe5 Bxe5 10. Nxe5 Nxe5 11. f4 Nc6 12. e5 Ng8 13. O-O Nge7 14. f5 Nd4
15. Bxf7+ Kxf7 16. Qc4+ 1-0